Quan điểm của Đảng ta về cải cách hành chính từ năm 1986 đến nay /

Saved in:
Bibliographic Details
Main Author: Ngô Huy Tiếp.
Format: Article
Language:Vietnamese
Subjects:
Tags: Add Tag
No Tags, Be the first to tag this record!
Institutions: Thư viện Trường Đại học Đà Lạt
LEADER 00804nam a2200265 4500
001 DLU090102636
005 ##20091223
040 # # |a DLU  |b vie 
041 # # |a vie 
044 # # |a vn 
100 # # |a Ngô Huy Tiếp. 
245 # # |a Quan điểm của Đảng ta về cải cách hành chính từ năm 1986 đến nay /  |c Ngô Huy Tiếp. 
653 # # |a Cải cách hành chính 
653 # # |a Phát triển xã hội 
653 # # |a Tăng trưởng kinh tế 
773 # # |t Quản lí nhà nước  |g Số 2(145), 2008, tr. 2-6 
920 # # |a Phòng Tạp chí -- Trung tâm Thông tin - Thư viện Trường Đại học Đà Lạt 
994 # # |a DLU 
900 # # |a True 
911 # # |a Nguyễn Thị Linh Chi 
925 # # |a G 
926 # # |a A 
927 # # |a BB 
980 # # |a Thư viện Trường Đại học Đà Lạt